Individual Preparedness and Response to Chemical, Radiological, Nuclear, and Biological Terrorist Attacks (Record no. 352218)
[ view plain ]
| 000 -LEADER | |
|---|---|
| fixed length control field | 00687nam a2200133Ia 4500 |
| 008 - FIXED-LENGTH DATA ELEMENTS--GENERAL INFORMATION | |
| fixed length control field | 171212s9999 xx 000 0 und d |
| 020 ## - INTERNATIONAL STANDARD BOOK NUMBER | |
| International Standard Book Number | 9780833034731 |
| 100 ## - MAIN ENTRY--PERSONAL NAME | |
| Personal name | Davis, Lynn E.;Melmed, Arthur;Krop, Richard |
| 245 ## - TITLE STATEMENT | |
| Statement of responsibility, etc | Davis, Lynn E.;Melmed, Arthur;Krop, Richard |
| Title | Individual Preparedness and Response to Chemical, Radiological, Nuclear, and Biological Terrorist Attacks |
| 260 ## - PUBLICATION, DISTRIBUTION, ETC. (IMPRINT) | |
| Name of publisher, distributor, etc | RAND Corporation |
| Date of publication, distribution, etc | 2003 |
| 650 ## - SUBJECT ADDED ENTRY--TOPICAL TERM | |
| Topical term or geographic name as entry element | Political Science |
| 650 ## - SUBJECT ADDED ENTRY--TOPICAL TERM | |
| Topical term or geographic name as entry element | Weapons of mass destruction -- Safety measures; Nuclear terrorism -- Safety measures; Bioterrorism -- Safety measures; Chemical terrorism -- Safety measures; Survival skills |
| 856 ## - ELECTRONIC LOCATION AND ACCESS | |
| Uniform Resource Identifier | <a href="www.jstor.org/stable/10.7249/j.ctt1q60dh">www.jstor.org/stable/10.7249/j.ctt1q60dh</a> |
| Withdrawn status | Lost status | Damaged status | Home library | Current library | Date acquired | Total Checkouts | Full call number | Date last seen | Price effective from | Koha item type |
|---|---|---|---|---|---|---|---|---|---|---|
| College Library | College Library | 12/12/2017 | U793.I53 2003 | 12/12/2017 | 12/12/2017 | Curriculum - Based eBooks |